Kontrola a riadenie projektových zákaziek prostredníctvom informačného systému diplomová práca

Enregistré dans:
Détails bibliographiques
Auteur principal: Paceková, Mária
Collectivité auteur: Fakulta hospodárskej informatiky EU. Katedra aplikovanej informatiky
Autres auteurs: Bandurič, Igor, 1980-
Format: Livre
Langue:slovaque
Publié: Bratislava 2018
Tags: Ajouter un tag
Pas de tags, Soyez le premier à ajouter un tag!

MARC

LEADER 00000nbm a2200000 4500
001 0245194
005 20181016145322.3
041 0 |a slo 
044 |a SK 
245 1 0 |a Kontrola a riadenie projektových zákaziek prostredníctvom informačného systému  |b diplomová práca  |c Mária Paceková ; školiteľ: Igor Bandurič 
264 1 |a Bratislava  |c 2018 
300 |a 70 s. 
100 1 |a Paceková, Mária 
700 1 |a Bandurič, Igor, 1980- 
710 2 |a Fakulta hospodárskej informatiky EU. Katedra aplikovanej informatiky